Bytový dom, Trstená

Guardado en:
Detalles Bibliográficos
Autor principal: Litviaková, Natália (Autor)
Otros Autores: Szalayová, Sylvia (Orientador)
Formato: Manuscrito Libro
Lenguaje:eslovaco
Publicado: 2019
Materias:
Acceso en línea:http://is.stuba.sk/zp/portal_zp.pl?podrobnosti=137825
https://opac.crzp.sk/?fn=detailBiblioForm&sid=7F8A1CD40EE33064DDD360190E37
Etiquetas: Agregar Etiqueta
Sin Etiquetas, Sea el primero en etiquetar este registro!

MARC

LEADER 00000ntm a22000003a 4500
001 stuzp73916
003 SK-STU
005 20230606161635.9
007 ta
008 150427s2015----xo-----f-mn---000-0-slo-d
040 |a STU  |b slo 
041 0 |a slo 
100 1 |a Litviaková, Natália  |u 010270  |4 aut  |U SvF Stavebná fakulta  |T SvF Katedra technológie stavieb  |X 81539  |U V270  |Y 28  |7 81539 
242 0 1 |a Residential House, Trstená  |y eng 
245 1 0 |a Bytový dom, Trstená 
260 |c 2019 
650 4 |a Bytový dom  |2 slo 
650 4 |a Kontaktný zatepľovací systém  |2 slo 
650 4 |a ETICS  |2 slo 
650 4 |a Residential House  |2 eng 
650 4 |a Contact heat cladding system  |2 eng 
650 4 |a ETICS  |2 eng 
700 1 |a Szalayová, Sylvia  |u 010270  |k Z1  |4 ths  |U SvF Stavebná fakulta  |T SvF Katedra technológie stavieb  |X 961  |U V270  |Y 28  |7 A000000961 
856 4 |u http://is.stuba.sk/zp/portal_zp.pl?podrobnosti=137825 
856 4 |u https://opac.crzp.sk/?fn=detailBiblioForm&sid=7F8A1CD40EE33064DDD360190E37